000
00295nam a22001337a 4500
008
210303b ||||| |||| 00| 0 eng d
020
_a
0835917193
041
_a
eng
080
_a
510
100
_a
36
101
_a
MAT
245
_a
Elementary Numerical Analysis
_c
Smith,A.W
942
_2
udc
_c
BK
999
_c
55616
_d
55616